Estadísticas para Jugadores con más partidos en el R. C. D. Mallorca

Haz click aquí para intentar la prueba.

Estadísticas generales

  • Esta prueba ha sido intentada 8 veces
  • La puntuación promedio es 3 de 10

Estadísticas de respuestas

PartidosNacionaliadJugador% Correcto
246EspañaAntonio Raíllo
67%
233EspañaAbdón Prats
50%
257PortugalJosé Nunes
50%
232EspañaDani Rodríguez
33%
219EspañaJosep Lluís Martí
33%
242ArgentinaAriel Ibagaza
17%
265EspañaJavier Olaizola
17%
259EspañaMiguel Ángel Nadal
17%
250EspañaPaco Soler
0%
234EspañaVíctor Casadesús
0%

Distribución de puntuación

Porcentaje por número respondido

Porcentaje de gente con cada puntuación

Historial de tus puntuaciones

No has intentado esta prueba.